|
|
|
|
| LEADER |
00000nab a2200000 a 4500 |
| 001 |
vtls000279248 |
| 003 |
SK-MaSNL |
| 005 |
20260305005848.0 |
| 008 |
160215c1987 xo 0 slo |
| 015 |
|
|
|a SNBRB19rr/mm-uuuuu
|
| 035 |
|
|
|a CL0289366
|
| 040 |
|
|
|a SNKBUCL
|b slo
|c SNKBUCL
|e AACR2
|
| 041 |
0 |
|
|a slo
|
| 044 |
|
|
|a xo
|c SK
|
| 080 |
|
|
|a 78.071.2:792.5
|2 1981
|
| 080 |
|
|
|a 792.5
|2 1981
|
| 080 |
|
|
|a 929 Rohová, Dagmar
|2 1981
|
| 245 |
0 |
0 |
|a Dagmar Rohová
|b Album Slovenska
|
| 300 |
|
|
|b Obr. 1.
|
| 600 |
1 |
7 |
|a Rohová-Boksová, Dagmar,
|d 1933-
|2 snkbucl
|9 184541
|
| 655 |
|
7 |
|a články z novín a časopisov
|2 snkbucl
|9 267496
|
| 773 |
0 |
|
|t Slovensko
|g Roč. 11, č. 5 (1987), s. 31-32
|
| 850 |
|
|
|a Slovenská národná knižnica v Martine
|a MTA001
|
| 852 |
|
|
|a SNK
|b KIS3GCP
|
| 958 |
|
|
|a BX
|
| 958 |
|
|
|a RK
|
| 992 |
|
|
|a RBX
|
| 999 |
|
|
|c 3243021
|d 3244951
|